Normal view
MARC view
- Aerospace engineering
Entry Topical Term
001 - CONTROL NUMBER
- control field: 111239
003 - CONTROL NUMBER IDENTIFIER
- control field: NUST
005 - DATE AND TIME OF LATEST TRANSACTION
- control field: 20230322190238.0
008 - FIXED-LENGTH DATA ELEMENTS
- fixed length control field: 230322|| aca||aabn | a|a d
040 ## - CATALOGING SOURCE
- Original cataloging agency: NUST
- Transcribing agency: NUST
150 ## - HEADING--TOPICAL TERM
- Topical term or geographic name entry element: Aerospace engineering
- General subdivision: Mathematics
670 ## - SOURCE DATA FOUND
- Source citation: Work cat.: (NUST)0: Keane, A. J. 111238, Computational approaches for aerospace design :, c2005.
